| 000 | 00743nam a2200217 u 4500 | ||
|---|---|---|---|
| 005 | 20240228064014.0 | ||
| 008 | 100601s2005 r 000 0 eng d | ||
| 020 | _a8496391213 | ||
| 035 | _aUPN01000176254 | ||
| 049 | _aI | ||
| 050 | 4 |
_aPZ78 _bP4.5 |
|
| 100 | 1 |
_aPlante, Raymond, _d1947-2006 _941730 |
|
| 245 | 1 | 0 |
_aMarilú Polar y la magia de las estrellas / _cRaymond Plante ; il. Marie-Claude Favreau ; tr. Francisco Moreno. |
| 260 |
_aMadrid : _bMarenostrum, _c2005. |
||
| 300 |
_a70 p. : _bil. |
||
| 440 | 3 |
_aLa buena letra. _pLiteratura actual |
|
| 534 |
_pTítulo original: _tMarilou Polaire en la magie des étoiles |
||
| 650 | 4 |
_aLibros y lectura para niños _92290 |
|
| 650 | 7 |
_aAmistad entre niños _2 _94319 |
|
| 905 | _aInfantil | ||
| 999 |
_c148357 _d148357 |
||